[Event "GER-CupT 2122 prel1"]
[Site "Halle"]
[Date "2022.03.26"]
[Round "1.4"]
[White "Kotyk, Michael"]
[Black "Lisek, Juergen"]
[Result "1-0"]
[WhiteElo "2201"]
[BlackElo "2205"]
[PlyCount "35"]
[EventDate "2022.03.26"]
[EventType "team-k.o."]
[EventRounds "2"]
[EventCountry "GER"]
[SourceTitle "EXT 2023"]
[Source "ChessBase"]
[SourceDate "2022.10.05"]
[SourceVersion "1"]
[SourceVersionDate "2022.10.05"]
[SourceQuality "1"]
[WhiteTeam "Hamburger SK"]
[BlackTeam "Pankow Rotation"]
[WhiteTeamCountry "GER"]
[BlackTeamCountry "GER"]

1. d4 e6 2. e4 d5 3. exd5 exd5 4. Nf3 Bd6 5. c4 Qe7+ 6. Be2 dxc4 7. 0-0 Nf6 8. Bxc4 0-0 9. Re1 Qd8 10. Bg5 Nbd7 11. Nc3 Nb6 12. Bb3 Bf5 13. Ne5 Qc8 14. Rc1 c6 15. Qf3 Ng4 16. Nb5 Bb8 17. Nxf7 Rxf7 18. Re7 1-0

[Event "Oberliga Nord O 1314"]
[Site "Germany"]
[Date "2014.02.09"]
[Round "6.7"]
[White "Lisek, Juergen"]
[Black "Sowada, Christoph"]
[Result "1/2-1/2"]
[WhiteElo "254"]
[BlackElo "1835"]
[PlyCount "112"]
[EventDate "2013.10.13"]
[EventType "team-tourn"]
[EventRounds "9"]
[EventCountry "GER"]
[SourceTitle "EXT 2015"]
[Source "ChessBase"]
[SourceDate "2014.11.20"]
[SourceVersion "1"]
[SourceVersionDate "2014.11.20"]
[SourceQuality "1"]
[WhiteTeam "Pankow Rotation"]
[BlackTeam "Greifswald"]
[WhiteTeamCountry "GER"]
[BlackTeamCountry "GER"]

1. e4 e5 2. Nf3 Nc6 3. Bb5 a6 4. Ba4 Nf6 5. d3 Be7 6. Bxc6 bxc6 7. Nxe5 0-0 8. 0-0 Bb7 9. Nf3 d6 10. Bg5 Rb8 11. Nbd2 Bc8 12. b3 h6 13. Be3 Ng4 14. Bd4 Bf6 15. h3 Ne5 16. Nxe5 Bxe5 17. Bxe5 dxe5 18. Nc4 Qe7 19. Qd2 f6 20. Qc3 Qb4 21. Qxb4 Rxb4 22. Rfd1 Be6 23. c3 Rb5 24. Na3 Rbb8 25. d4 Rbd8 26. Nc2 a5 27. Ne3 Rd6 28. Rd2 Rfd8 29. Rad1 c5 30. d5 Bc8 31. Nc4 Ra6 32. Nb2 Bd7 33. d6 Rxd6 34. Rxd6 cxd6 35. Rxd6 Kf8 36. Nd3 Ke7 37. Rd5 c4 38. bxc4 Rc8 39. Rc5 Kd6 40. Rxa5 Rxc4 41. Ra6+ Ke7 42. f3 Rxc3 43. Nb4 Rc1+ 44. Kh2 Rb1 45. Nd5+ Ke8 46. a4 Ra1 47. a5 Kf7 48. Ra7 Ke6 49. Ne3 g6 50. Ng4 h5 51. Ra6+ Kf7 52. Rxf6+ Ke7 53. Nxe5 Kxf6 54. Nxd7+ Kg5 55. Ne5 Rxa5 56. h4+ Kf6 1/2-1/2

[Event "BL2-Ost 0809"]
[Site "Germany"]
[Date "2009.03.01"]
[Round "7.4"]
[White "Casper, Thomas"]
[Black "Lisek, Juergen"]
[Result "1-0"]
[WhiteElo "2415"]
[BlackElo "2285"]
[PlyCount "107"]
[EventDate "2008.10.05"]
[EventType "team-tourn"]
[EventRounds "9"]
[EventCountry "GER"]
[SourceTitle "CBM 129 Extra"]
[Source "ChessBase"]
[SourceDate "2009.05.05"]
[SourceVersion "2"]
[SourceVersionDate "2009.05.20"]
[SourceQuality "1"]
[WhiteTeam "Erfurt"]
[BlackTeam "Pankow Rotation"]
[WhiteTeamCountry "GER"]
[BlackTeamCountry "GER"]

1. e4 c5 2. Nf3 Nc6 3. Bb5 g6 4. 0-0 Nf6 5. Re1 Bg7 6. c3 0-0 7. h3 e5 8. d3 Re8 9. Nbd2 d6 10. a3 a6 11. Bxc6 bxc6 12. b4 cxb4 13. axb4 a5 14. Nb3 a4 15. Nbd2 d5 16. Rxa4 Ba6 17. c4 dxc4 18. dxc4 Nd7 19. Qc2 Nb6 20. Ra5 Bc8 21. Rxa8 Nxa8 22. Nb3 Bf8 23. Qc3 Nc7 24. Na5 Qd6 25. Bd2 f5 26. c5 Qf6 27. exf5 Nd5 28. Qb2 Bxf5 29. Rxe5 Rc8 30. Qb3 Be6 31. Qd3 h6 32. Re1 Bf7 33. Qd4 Qf5 34. Ne5 Bg7 35. Qg4 Qxg4 36. hxg4 Be8 37. Nec4 Bd7 38. f3 Rb8 39. Rb1 Nc3 40. Rb3 Nd5 41. Kf1 Bd4 42. Rd3 Bg7 43. Nb6 Be8 44. Nxd5 cxd5 45. Rxd5 Kf7 46. Kf2 g5 47. c6 Ke6 48. c7 Rc8 49. Rd8 Bd7 50. Rxc8 Bxc8 51. b5 Bd4+ 52. Be3 Bc3 53. Nc4 Kd7 54. Nb6+ 1-0

[Event "BL2-Ost 0809"]
[Site "Germany"]
[Date "2009.02.01"]
[Round "6.5"]
[White "Schoeneberg, Manfred"]
[Black "Lisek, Juergen"]
[Result "1/2-1/2"]
[WhiteElo "2300"]
[BlackElo "2285"]
[PlyCount "60"]
[EventDate "2008.10.05"]
[EventType "team-tourn"]
[EventRounds "9"]
[EventCountry "GER"]
[SourceTitle "CBM 129 Extra"]
[Source "ChessBase"]
[SourceDate "2009.05.05"]
[SourceVersion "2"]
[SourceVersionDate "2009.05.20"]
[SourceQuality "1"]
[WhiteTeam "Leipzig Lok"]
[BlackTeam "Pankow Rotation"]
[WhiteTeamCountry "GER"]
[BlackTeamCountry "GER"]

1. e4 c5 2. Nf3 d6 3. d4 cxd4 4. Qxd4 Nc6 5. Bb5 Bd7 6. Bxc6 bxc6 7. c4 Bg4 8. Qd3 g6 9. Nc3 Bg7 10. 0-0 Qc7 11. b3 Nf6 12. Bb2 Rb8 13. Rac1 0-0 14. Nd4 Bc8 15. h3 Bb7 16. Ba1 Ba8 17. Qe3 Qb7 18. Rfe1 Nd7 19. Na4 Nb6 20. Nxb6 axb6 21. Nf3 e5 22. Red1 c5 23. Nd2 f5 24. f3 Qe7 25. Nb1 fxe4 26. fxe4 Rf4 27. Nc3 Bh6 28. Qe2 Rbf8 29. Rf1 Qh4 30. Rxf4 Qxf4 1/2-1/2

[Event "BL2-Ost 0708"]
[Site "Germany"]
[Date "2007.11.04"]
[Round "2.8"]
[White "Lisek, Juergen"]
[Black "Beltz, Franziska"]
[Result "0-1"]
[WhiteElo "2302"]
[BlackElo "2077"]
[PlyCount "68"]
[EventDate "2007.10.21"]
[EventType "team-tourn"]
[EventRounds "9"]
[EventCountry "GER"]
[SourceTitle "EXT 2009"]
[Source "ChessBase"]
[SourceDate "2008.11.26"]
[SourceVersion "1"]
[SourceVersionDate "2008.11.26"]
[SourceQuality "1"]
[WhiteTeam "Berlin Rotation"]
[BlackTeam "Leipzig Gohlis"]
[WhiteTeamCountry "GER"]
[BlackTeamCountry "GER"]

1. e4 c5 2. Nf3 d6 3. d4 cxd4 4. Nxd4 Nf6 5. Nc3 a6 6. Bg5 e6 7. f4 Nbd7 8. Qf3 Qc7 9. 0-0-0 Be7 10. g4 h6 11. Bxf6 Bxf6 12. Bg2 Qb6 13. Nde2 Be7 14. h4 Nc5 15. g5 Bd7 16. Qg3 0-0-0 17. Rhf1 Kb8 18. f5 hxg5 19. hxg5 Rh5 20. f6 gxf6 21. gxf6 Bf8 22. Kb1 Rc8 23. Rh1 Rxh1 24. Bxh1 Na4 25. Nxa4 Bxa4 26. b3 Qc5 27. c4 Bc6 28. Nd4 b5 29. Nxc6+ Qxc6 30. Rc1 Bh6 31. Rc2 Qc5 32. Qg2 Qd4 33. b4 Bf4 34. cxb5 Qd1+ 0-1

[Event "BL2-Nord 0607"]
[Site "Germany"]
[Date "2007.04.01"]
[Round "8.5"]
[White "Brener, Ilja"]
[Black "Lisek, Juergen"]
[Result "1/2-1/2"]
[WhiteElo "2375"]
[BlackElo "2310"]
[PlyCount "116"]
[EventDate "2006.10.15"]
[EventType "team-tourn"]
[EventRounds "9"]
[EventCountry "GER"]
[SourceTitle "EXT 2008"]
[Source "ChessBase"]
[SourceDate "2007.11.25"]
[SourceVersion "1"]
[SourceVersionDate "2007.11.25"]
[SourceQuality "1"]
[WhiteTeam "Ruedersdorf"]
[BlackTeam "Pankow Rotation"]
[WhiteTeamCountry "GER"]
[BlackTeamCountry "GER"]

1. e4 c5 2. Nf3 Nc6 3. Bb5 g6 4. 0-0 Nf6 5. Re1 Bg7 6. e5 Nd5 7. Nc3 Nc7 8. Bxc6 dxc6 9. Ne4 Ne6 10. d3 0-0 11. Be3 b6 12. Qd2 Nd4 13. Nxd4 cxd4 14. Bh6 c5 15. Bxg7 Kxg7 16. h4 Bb7 17. h5 h6 18. f3 Qd5 19. Ng3 Qe6 20. f4 Qg4 21. Qf2 gxh5 22. Ne4 Kh7 23. b4 Rg8 24. Kh2 c4 25. Re2 cxd3 26. cxd3 Rac8 27. Rae1 Rgd8 28. f5 Bxe4 29. Rxe4 Qg5 30. R1e2 Rc3 31. Qf3 Rc1 32. Rf4 Rd1 33. Rf2 Rb1 34. e6 f6 35. Rc2 Rg8 36. Qf2 Rd1 37. Rxd4 Rg7 38. b5 h4 39. Rxh4 Rxd3 40. Qf4 Qxf4+ 41. Rxf4 Ra3 42. Rd4 h5 43. Rh4 Kh6 44. Rh3 Ra4 45. Rc8 Kg5 46. Rg3+ Rg4 47. Rf3 Rb4 48. Ra8 h4 49. Rh8 Rxb5 50. g3 h3 51. g4 Rb4 52. Rh5+ Kxg4 53. Rhxh3 Rb2+ 54. Kg1 Rg5 55. Kf1 Rxf5 56. Rhg3+ Kh4 57. Rh3+ Kg4 58. Rhg3+ Kh4 1/2-1/2

[Event "BL2-Nord 0607"]
[Site "Germany"]
[Date "2006.12.10"]
[Round "4.6"]
[White "Pueschel, Werner"]
[Black "Lisek, Juergen"]
[Result "1-0"]
[WhiteElo "2185"]
[BlackElo "2310"]
[PlyCount "119"]
[EventDate "2006.10.15"]
[EventType "team-tourn"]
[EventRounds "9"]
[EventCountry "GER"]
[SourceTitle "EXT 2008"]
[Source "ChessBase"]
[SourceDate "2007.11.25"]
[SourceVersion "1"]
[SourceVersionDate "2007.11.25"]
[SourceQuality "1"]
[WhiteTeam "Steglitz Wilmersdorf"]
[BlackTeam "Pankow Rotation"]
[WhiteTeamCountry "GER"]
[BlackTeamCountry "GER"]

1. e4 c5 2. Nc3 Nc6 3. Bb5 Nd4 4. Bc4 g6 5. Nf3 Bg7 6. 0-0 e6 7. d3 d6 8. Nxd4 cxd4 9. Ne2 Ne7 10. Bg5 0-0 11. Qd2 Qc7 12. c3 dxc3 13. Nxc3 Nc6 14. Bh6 Ne5 15. Bxg7 Kxg7 16. Bb3 f5 17. Rac1 Qe7 18. d4 Nf7 19. exf5 gxf5 20. Rfe1 Qf6 21. Nb5 d5 22. Qf4 Bd7 23. Nd6 Bc6 24. Nxf7 Rxf7 25. Re3 Kh8 26. Rce1 Re8 27. Bd1 Rfe7 28. Bh5 Rf8 29. h3 Bd7 30. Bf3 Rg7 31. Qe5 Qxe5 32. Rxe5 Rc8 33. R5e2 Rc4 34. Rd2 Bc8 35. Be2 Rc6 36. Bb5 Rcc7 37. Bd3 Rc6 38. Bb5 Rcc7 39. Bd3 Rc6 40. Rc2 Rxc2 41. Bxc2 Rc7 42. Bd3 Kg7 43. Kf1 Kf6 44. f4 Bd7 45. Ke2 a6 46. Kd2 h5 47. Rc1 Rxc1 48. Kxc1 b5 49. a4 Ke7 50. Kc2 Kd6 51. Kc3 Kc6 52. Be2 h4 53. a5 Be8 54. Kd2 Kd6 55. Ke1 Ke7 56. Kf2 Kf6 57. g3 hxg3+ 58. Kxg3 Ke7 59. Kf2 Kf6 60. Ke3 1-0

[Event "BL2-Nord 0607"]
[Site "Germany"]
[Date "2006.10.15"]
[Round "1.6"]
[White "Lisek, Juergen"]
[Black "Zimmermann, Martin"]
[Result "0-1"]
[WhiteElo "2305"]
[BlackElo "2205"]
[PlyCount "59"]
[EventDate "2006.10.15"]
[EventType "team-tourn"]
[EventRounds "9"]
[EventCountry "GER"]
[SourceTitle "EXT 2008"]
[Source "ChessBase"]
[SourceDate "2007.11.25"]
[SourceVersion "1"]
[SourceVersionDate "2007.11.25"]
[SourceQuality "1"]
[WhiteTeam "Pankow Rotation"]
[BlackTeam "Hamburg Schachfreunde"]
[WhiteTeamCountry "GER"]
[BlackTeamCountry "GER"]

1. e4 c5 2. Nf3 d6 3. Bb5+ Bd7 4. Bxd7+ Qxd7 5. 0-0 Nc6 6. d3 g6 7. Nbd2 Bg7 8. Nc4 e5 9. a4 Nge7 10. Ng5 f6 11. Nh3 0-0 12. f3 d5 13. exd5 Nxd5 14. Re1 Rfe8 15. Bd2 Rad8 16. Nf2 Nd4 17. Ne4 Qc6 18. c3 Ne6 19. Qb3 Re7 20. Rad1 h6 21. Bc1 Kh7 22. Nf2 Red7 23. Na3 a6 24. a5 h5 25. Nc4 Ndf4 26. Bxf4 Nxf4 27. d4 cxd4 28. cxd4 Rxd4 29. Rc1 Ne2+ 30. Rxe2 0-1

[Event "BL2-Nord 0506"]
[Site "Germany"]
[Date "2005.12.11"]
[Round "4.7"]
[White "Lisek, Juergen"]
[Black "Reinecker, Kai"]
[Result "1-0"]
[WhiteElo "2293"]
[BlackElo "2232"]
[PlyCount "97"]
[EventDate "2005.10.23"]
[EventType "team-tourn"]
[EventRounds "9"]
[EventCountry "GER"]
[SourceTitle "EXT 2007"]
[Source "ChessBase"]
[SourceDate "2006.11.23"]
[SourceVersion "1"]
[SourceVersionDate "2006.11.23"]
[SourceQuality "1"]
[WhiteTeam "Berlin Rotation"]
[BlackTeam "Preetz"]
[WhiteTeamCountry "GER"]
[BlackTeamCountry "GER"]

1. e4 e5 2. Nf3 Nf6 3. Nxe5 d6 4. Nf3 Nxe4 5. d3 Nf6 6. d4 Be7 7. Bd3 Bg4 8. 0-0 0-0 9. Be3 Re8 10. c4 c5 11. d5 Nbd7 12. h3 Bxf3 13. Qxf3 Ne5 14. Qe2 Nxd3 15. Qxd3 Nd7 16. Nd2 Bf6 17. Rab1 Ne5 18. Qc2 Qe7 19. Rfe1 Ng6 20. Nf1 Be5 21. Re2 Qf6 22. Rbe1 Re7 23. Nd2 Rae8 24. Ne4 Bh2+ 25. Kxh2 Rxe4 26. Kh1 Qe7 27. Rb1 Nf4 28. Ree1 Qh4 29. Kh2 R8e5 30. b3 Nxh3 31. g3 Qg4 32. Qd1 Nxf2 33. Bxf2 Rh5+ 34. Kg1 Qh3 35. Qxh5 Qxh5 36. Rxe4 f5 37. Re7 f4 38. Rbe1 h6 39. gxf4 Qg4+ 40. Kf1 Qxf4 41. Rxb7 Qf3 42. Ree7 Qd3+ 43. Kg2 Qg6+ 44. Bg3 Qc2+ 45. Kg1 Qd1+ 46. Be1 Qg4+ 47. Kf2 Qf4+ 48. Ke2 Qg4+ 49. Kd2 1-0

[Event "BL2-Nord 0405"]
[Site "Germany"]
[Date "2004.11.28"]
[Round "3.7"]
[White "Gaerths, Ronny"]
[Black "Lisek, Juergen"]
[Result "1/2-1/2"]
[WhiteElo "2280"]
[BlackElo "2290"]
[PlyCount "78"]
[EventDate "2004.10.24"]
[EventType "team-tourn"]
[EventRounds "9"]
[EventCountry "GER"]
[SourceTitle "EXT 2007"]
[Source "ChessBase"]
[SourceDate "2006.11.23"]
[SourceVersion "1"]
[SourceVersionDate "2006.11.23"]
[SourceQuality "1"]
[WhiteTeam "Kreuzberg II"]
[BlackTeam "Berlin Rotation"]
[WhiteTeamCountry "GER"]
[BlackTeamCountry "GER"]

1. d4 e6 2. e4 d5 3. e5 c5 4. c3 Nc6 5. Be3 Qb6 6. Qd2 f6 7. f4 Bd7 8. Nf3 0-0-0 9. Be2 Be8 10. 0-0 Bg6 11. Na3 c4 12. Nxc4 dxc4 13. Bxc4 Na5 14. Be2 Qc7 15. c4 Nc6 16. Qc3 Nh6 17. Kh1 Nf5 18. Bf2 Qa5 19. Qxa5 Nxa5 20. Rfe1 Bf7 21. g4 Ne7 22. b4 Nac6 23. b5 Nb8 24. Kg2 Nd7 25. a4 Ng6 26. Bg3 Ne7 27. h3 h6 28. Rac1 g5 29. fxg5 fxg5 30. Nd2 Ng6 31. Ne4 Nf4+ 32. Bxf4 gxf4 33. c5 Bg6 34. Nd6+ Kb8 35. Bd1 Be7 36. Bf3 Bxd6 37. exd6 Nf6 38. a5 Nd5 39. Bxd5 exd5 1/2-1/2

[Event "Rostock  PSV op 04th"]
[Site "Rostock"]
[Date "2004.08.29"]
[Round "7"]
[White "Lisek, Juergen"]
[Black "Hetey, Laszlo"]
[Result "1-0"]
[WhiteElo "2290"]
[BlackElo "2336"]
[PlyCount "57"]
[EventDate "2004.08.26"]
[EventType "swiss"]
[EventRounds "7"]
[EventCountry "GER"]
[SourceTitle "EXT 2007"]
[Source "ChessBase"]
[SourceDate "2006.11.23"]
[SourceVersion "1"]
[SourceVersionDate "2006.11.23"]
[SourceQuality "1"]

1. e4 c5 2. Nf3 d6 3. d4 cxd4 4. Nxd4 Nf6 5. Nc3 e6 6. Be3 Nc6 7. Bc4 a6 8. Qe2 Be7 9. 0-0-0 Qc7 10. Bb3 b5 11. g4 Na5 12. g5 Nxb3+ 13. axb3 Nd7 14. h4 b4 15. Na4 Nc5 16. f3 Bd7 17. Kb1 0-0 18. h5 Rab8 19. g6 Bf6 20. Qh2 Bxa4 21. bxa4 b3 22. cxb3 Nxb3 23. h6 gxh6 24. g7 Rfc8 25. Qxh6 Bxg7 26. Rdg1 Nd2+ 27. Ka1 Nb3+ 28. Nxb3 f5 29. Qxe6+ 1-0

[Event "Rostock  PSV op 04th"]
[Site "Rostock"]
[Date "2004.08.28"]
[Round "5"]
[White "Kliewe, Hans Juergen"]
[Black "Lisek, Juergen"]
[Result "1/2-1/2"]
[WhiteElo "2178"]
[BlackElo "2290"]
[PlyCount "41"]
[EventDate "2004.08.26"]
[EventType "swiss"]
[EventRounds "7"]
[EventCountry "GER"]
[SourceTitle "EXT 2007"]
[Source "ChessBase"]
[SourceDate "2006.11.23"]
[SourceVersion "1"]
[SourceVersionDate "2006.11.23"]
[SourceQuality "1"]

1. d4 e6 2. Nf3 c5 3. c3 Nf6 4. e3 b6 5. Bd3 Bb7 6. 0-0 Be7 7. Nbd2 d5 8. Re1 cxd4 9. exd4 Nc6 10. Ne5 Nxe5 11. dxe5 Nd7 12. Qh5 Nc5 13. Bb5+ Kf8 14. Nf3 Ba6 15. Bxa6 Nxa6 16. Nd4 Qd7 17. Re3 Bd8 18. Rg3 h6 19. Qg4 g6 20. h4 h5 21. Qf3 1/2-1/2

[Event "Rostock  PSV op 04th"]
[Site "Rostock"]
[Date "2004.08.27"]
[Round "3"]
[White "Lisek, Juergen"]
[Black "Hellmann, Norbert"]
[Result "1-0"]
[WhiteElo "2290"]
[BlackElo "2137"]
[PlyCount "115"]
[EventDate "2004.08.26"]
[EventType "swiss"]
[EventRounds "7"]
[EventCountry "GER"]
[SourceTitle "EXT 2007"]
[Source "ChessBase"]
[SourceDate "2006.11.23"]
[SourceVersion "1"]
[SourceVersionDate "2006.11.23"]
[SourceQuality "1"]

1. e4 d6 2. d4 Nf6 3. Nc3 g6 4. Be2 Bg7 5. Be3 c6 6. f4 Qa5 7. Qd2 b5 8. e5 Ng4 9. Bxg4 Bxg4 10. h3 Be6 11. Nf3 Nd7 12. 0-0 Nb6 13. Qf2 Nc4 14. Bc1 b4 15. Ne2 Bd5 16. b3 Na3 17. Ng3 0-0 18. Bb2 Rac8 19. Qd2 c5 20. c4 Bxf3 21. Rxf3 cxd4 22. exd6 exd6 23. f5 f6 24. Bxa3 Qxa3 25. Qxd4 Qa5 26. Re1 Qc5 27. Rd3 gxf5 28. Qxc5 Rxc5 29. Rd5 Rxd5 30. cxd5 Bh6 31. Nxf5 Bf4 32. Re4 Be5 33. Rxb4 Kf7 34. Kf2 Kg6 35. g4 Rf7 36. Rb8 h5 37. Rg8+ Kh7 38. Re8 hxg4 39. hxg4 Kg6 40. Re7 Rxe7 41. Nxe7+ Kg5 42. Kf3 Bd4 43. Nf5 Bc5 44. Ng3 Ba3 45. Nf5 Bc5 46. Ng7 Bb4 47. Ne6+ Kg6 48. Ke4 Ba3 49. Kd4 f5 50. gxf5+ Kxf5 51. Kc4 Ke5 52. b4 Bc1 53. Nd8 Be3 54. Nc6+ Ke4 55. b5 Kf5 56. a4 Kf6 57. a5 Kf5 58. Nxa7 1-0

[Event "BL2-Nord 0304"]
[Site "Germany"]
[Date "2004.??.??"]
[Round "?.5"]
[White "Lisek, Juergen"]
[Black "Klimm, Wolf Dietrich"]
[Result "1/2-1/2"]
[WhiteElo "2300"]
[BlackElo "2255"]
[PlyCount "68"]
[EventDate "2003.10.??"]
[EventType "team-tourn"]
[EventRounds "9"]
[EventCountry "GER"]
[SourceTitle "CBM 100 Extra"]
[Source "ChessBase"]
[SourceDate "2004.07.06"]
[SourceVersion "2"]
[SourceVersionDate "2004.07.06"]
[SourceQuality "1"]
[WhiteTeam "Berlin Rotation"]
[BlackTeam "Zehlendorf"]
[WhiteTeamCountry "GER"]
[BlackTeamCountry "GER"]

1. e4 c5 2. Nf3 e6 3. d4 cxd4 4. Nxd4 a6 5. Bd3 g6 6. f4 d6 7. Qe2 Bg7 8. Nf3 Nf6 9. c4 0-0 10. Nc3 b6 11. 0-0 Bb7 12. Kh1 Nbd7 13. Be3 Nc5 14. Nd2 Nxd3 15. Qxd3 Qc7 16. Rac1 Rac8 17. Bd4 e5 18. Be3 Ng4 19. f5 b5 20. b3 bxc4 21. Nxc4 gxf5 22. Rxf5 d5 23. Bd2 dxc4 24. Qg3 Rcd8 25. Nd5 Bxd5 26. exd5 Rxd5 27. Bb4 Rfd8 28. Qxg4 Qd7 29. Rcf1 Rd1 30. Kg1 Rxf1+ 31. Kxf1 Qd3+ 32. Kf2 Qc2+ 33. Kf1 Qd3+ 34. Kf2 Qc2+ 1/2-1/2

[Event "Berlin Christmas op 1st"]
[Site "Berlin"]
[Date "2004.??.??"]
[Round "2"]
[White "Lisek, Juergen"]
[Black "Korell, Klaus Peter"]
[Result "1-0"]
[WhiteElo "2290"]
[BlackElo "2066"]
[PlyCount "77"]
[EventDate "2004.12.??"]
[EventType "swiss"]
[EventRounds "7"]
[EventCountry "GER"]
[SourceTitle "EXT 2007"]
[Source "ChessBase"]
[SourceDate "2006.11.23"]
[SourceVersion "1"]
[SourceVersionDate "2006.11.23"]
[SourceQuality "1"]

1. e4 e6 2. d4 d5 3. Nc3 Bb4 4. e5 c5 5. Bd2 cxd4 6. Nb5 Bf8 7. f4 Nc6 8. Nf3 Qb6 9. a4 a5 10. Bd3 Bc5 11. 0-0 Bd7 12. Kh1 Nb4 13. Bxb4 axb4 14. Be2 Ne7 15. Nfxd4 Bxd4 16. Qxd4 Qxd4 17. Nxd4 0-0 18. b3 Rfc8 19. Bd3 Nc6 20. Nb5 Na5 21. Nd6 Rc3 22. Rad1 Bc6 23. f5 Rf8 24. fxe6 fxe6 25. Rxf8+ Kxf8 26. Bxh7 Re3 27. Rf1+ Ke7 28. Rf7+ Kd8 29. Kg1 Rxe5 30. Rxg7 Re3 31. h4 Bd7 32. h5 Kc7 33. Ne8+ Kc6 34. Nf6 Bc8 35. h6 e5 36. Bg6 Nxb3 37. cxb3 d4 38. h7 d3 39. h8Q 1-0

[Event "BL2-Nord 0203"]
[Site "Germany"]
[Date "2003.02.23"]
[Round "7.3"]
[White "Lisek, Juergen"]
[Black "Forchert, Martin"]
[Result "0-1"]
[WhiteElo "2316"]
[BlackElo "2380"]
[PlyCount "80"]
[EventDate "2002.10.20"]
[EventType "team-tourn"]
[EventRounds "9"]
[EventCountry "GER"]
[SourceTitle "EXT 2004"]
[Source "ChessBase"]
[SourceDate "2003.11.25"]
[SourceVersion "1"]
[SourceVersionDate "2003.11.25"]
[SourceQuality "1"]
[WhiteTeam "Berlin Rotation"]
[BlackTeam "Werder Bremen II"]
[WhiteTeamCountry "GER"]
[BlackTeamCountry "GER"]

1. e4 Nf6 2. e5 Nd5 3. d4 d6 4. Nf3 Bg4 5. Be2 Nc6 6. exd6 exd6 7. 0-0 Be7 8. h3 Bh5 9. c4 Nb6 10. Be3 0-0 11. Nbd2 d5 12. c5 Nc8 13. b4 a6 14. a3 Bf6 15. Nb3 h6 16. Qd2 g5 17. a4 Bg7 18. b5 N6e7 19. g4 Bg6 20. Ne5 axb5 21. axb5 Rxa1 22. Rxa1 f5 23. f4 fxg4 24. Bxg4 Bf5 25. Qg2 Be4 26. Qg3 Nf5 27. Bxf5 Rxf5 28. Nd2 Ne7 29. fxg5 h5 30. g6 Qe8 31. Nxe4 dxe4 32. Bf4 Nd5 33. Bg5 Bxe5 34. dxe5 Rf3 35. Qg2 Qxe5 36. Ra8+ Kg7 37. Bh4 Nf4 38. Qa2 Qd4+ 39. Bf2 Nxh3+ 40. Kh1 Qd1+ 0-1

[Event "BL2-Nord 0203"]
[Site "Germany"]
[Date "2003.02.09"]
[Round "6.3"]
[White "Landa, Konstantin"]
[Black "Lisek, Juergen"]
[Result "1-0"]
[WhiteElo "2632"]
[BlackElo "2316"]
[PlyCount "69"]
[EventDate "2002.10.20"]
[EventType "team-tourn"]
[EventRounds "9"]
[EventCountry "GER"]
[SourceTitle "EXT 2004"]
[Source "ChessBase"]
[SourceDate "2003.11.25"]
[SourceVersion "1"]
[SourceVersionDate "2003.11.25"]
[SourceQuality "1"]
[WhiteTeam "Bremer SG"]
[BlackTeam "Berlin Rotation"]
[WhiteTeamCountry "GER"]
[BlackTeamCountry "GER"]

1. c4 e6 2. Nc3 Bb4 3. Qb3 c5 4. Nb5 Nc6 5. Nd6+ Kf8 6. Nf3 Qe7 7. Qd3 Ba5 8. a3 Bc7 9. Nxc8 Rxc8 10. g3 h5 11. Bg2 Nh6 12. b4 cxb4 13. axb4 Nxb4 14. Qb3 a5 15. 0-0 Nf5 16. e4 Nd6 17. e5 Nf5 18. d4 d6 19. Bg5 f6 20. exf6 gxf6 21. Bd2 h4 22. Bxb4 axb4 23. Qxb4 hxg3 24. hxg3 Bd8 25. Ra7 Rh7 26. Re1 Rc7 27. Qb1 Qd7 28. Ra8 Rc8 29. Rxc8 Qxc8 30. g4 Rg7 31. gxf5 e5 32. c5 dxc5 33. dxe5 fxe5 34. Nxe5 Ba5 35. Re3 1-0

[Event "BL2-Nord 0203"]
[Site "Germany"]
[Date "2003.01.26"]
[Round "5.3"]
[White "Lisek, Juergen"]
[Black "Von Buelow, Georg"]
[Result "0-1"]
[WhiteElo "2316"]
[BlackElo "2340"]
[PlyCount "70"]
[EventDate "2002.10.20"]
[EventType "team-tourn"]
[EventRounds "9"]
[EventCountry "GER"]
[SourceTitle "EXT 2004"]
[Source "ChessBase"]
[SourceDate "2003.11.25"]
[SourceVersion "1"]
[SourceVersionDate "2003.11.25"]
[SourceQuality "1"]
[WhiteTeam "Berlin Rotation"]
[BlackTeam "Hamburg Koenigsspringer"]
[WhiteTeamCountry "GER"]
[BlackTeamCountry "GER"]

1. e4 c5 2. Nf3 d6 3. Bb5+ Bd7 4. Bxd7+ Qxd7 5. 0-0 Nc6 6. b3 Nf6 7. Re1 e6 8. Bb2 Be7 9. d4 cxd4 10. Nxd4 0-0 11. c4 d5 12. Nxc6 bxc6 13. e5 Ne8 14. Qe2 f6 15. exf6 Bxf6 16. Bxf6 Rxf6 17. Nd2 Nd6 18. Rac1 Raf8 19. f3 Nf5 20. Nf1 Rg6 21. Qf2 d4 22. c5 Qd5 23. Re4 e5 24. Qe2 d3 25. Qd2 Nd4 26. Kh1 Rxf3 27. Re3 Rf4 28. Rxd3 Qf7 29. Ng3 h5 30. Rg1 h4 31. Ne2 Rf2 32. Re3 h3 33. gxh3 Rxg1+ 34. Kxg1 Rf1+ 35. Kg2 Qf3+ 0-1

[Event "BL2-Nord 0304"]
[Site "Germany"]
[Date "2003.??.??"]
[Round "?.5"]
[White "Lisek, Juergen"]
[Black "Stanke, Juergen"]
[Result "0-1"]
[WhiteElo "2300"]
[BlackElo "2300"]
[PlyCount "112"]
[EventDate "2003.10.??"]
[EventType "team-tourn"]
[EventRounds "9"]
[EventCountry "GER"]
[SourceTitle "CBM 100 Extra"]
[Source "ChessBase"]
[SourceDate "2004.07.06"]
[SourceVersion "2"]
[SourceVersionDate "2004.07.06"]
[SourceQuality "1"]
[WhiteTeam "Berlin Rotation"]
[BlackTeam "Hamburger SK II"]
[WhiteTeamCountry "GER"]
[BlackTeamCountry "GER"]

1. e4 c5 2. Nf3 e6 3. d4 cxd4 4. Nxd4 a6 5. Bd3 Nf6 6. 0-0 Qc7 7. Kh1 d6 8. b3 Nbd7 9. Bb2 b5 10. Nd2 Bb7 11. Qe2 e5 12. Nf5 g6 13. Ne3 Bh6 14. c4 b4 15. f3 Nc5 16. Rfd1 0-0 17. Bc2 a5 18. Ndf1 Ra6 19. a3 bxa3 20. Rxa3 Rfa8 21. Bc3 Bf8 22. Rda1 Be7 23. Qd2 Bd8 24. Ng3 Ne6 25. Ne2 Nc5 26. Nd5 Bxd5 27. exd5 Ne8 28. Nc1 f5 29. Nd3 Nxd3 30. Bxd3 R6a7 31. Qa2 Nf6 32. b4 a4 33. Qc2 Qb6 34. Qe2 Qb7 35. Bc2 Qd7 36. b5 Bb6 37. Bxa4 Qc7 38. Bb4 Bd4 39. R1a2 Bc5 40. Qb2 Bxb4 41. Qxb4 Nxd5 42. Qb1 Nb6 43. c5 dxc5 44. Bb3+ c4 45. Rxa7 Rxa7 46. Rxa7 Qxa7 47. Bc2 Qd7 48. h4 Qd4 49. h5 Kg7 50. hxg6 hxg6 51. Qe1 Nd5 52. g4 Ne3 53. Qh4 Qd6 54. gxf5 Nxc2 55. fxg6 Qd1+ 56. Kg2 Ne3+ 0-1